000 00812nam a22002777a 4500
001 00260
003 DO-SdBPM
005 20250910093108.0
007 ta
008 151204b 1994 sp || |||| 00| 0 spa d
020 _a8478950214
040 _aDO-SdBPM
_bspa
_cBPMSU
_erda
082 4 _a863.6
_bM971d 1994
_222
100 1 _aMuñoz Molina, Antonio,
_d1956-
_eautor
245 1 3 _aEl dueno del secreto /
_cAntonio Muñoz Molina
264 _aMadrid :
_bOllero & Ramos,
_c1994.
300 _a148 páginas ;
_b21 cm.
336 _atexto
_btxt
_2rdacontent
337 _asin mediación
_bn
_2rdamedia
338 _avolumen
_bnc
_2rdacarrier
590 _aInventariado, 2025/VM
650 7 _aNovela española
650 7 _aNovelas ejemplares
910 _aVMateo V. Control de calidad. BPMSU
942 _2ddc
_cBK
999 _c9008
_d9008